000 00597nam a22001697a 4500
003 BUBTL
008 200913b xxu||||| |||| 00| 0 eng d
082 _a657.452095492/INH
100 _aThe Institute of Chartered Accountants of Bangladesh
_91601
245 _aHandbook of Bangladesh Standards on Auditing, Assurance, and Ethics Pronouncements(Vol-2)
260 _aDhaka
_bThe Institute of Chartered Accountants of Bangladesh
_cc2009
300 _a744p . :
_bill . ; 21cm.
650 _aAccounting
_93455
856 _k0
_l0
_yDownload
942 _2ddc
_cBK
999 _c6358
_d6358